ARRUPE JESUIT UNIVERSITY

CORONAVIRUS -STOP THE SPREAD - CLEAN,DISINFECT,COVER

The outsider: (Record no. 131304)

MARC details
000 -LEADER
fixed length control field 00467nam a22001457a 4500
008 - FIXED-LENGTH DATA ELEMENTS--GENERAL INFORMATION
fixed length control field 220413b |||||||| |||| 00| 0 eng d
020 ## - INTERNATIONAL STANDARD BOOK NUMBER
International Standard Book Number 978162698618
050 ## - LIBRARY OF CONGRESS CALL NUMBER
Classification number BX1378.L365 2020
100 ## - MAIN ENTRY--PERSONAL NAME
Personal name Lamb, Christopher
9 (RLIN) 51327
245 ## - TITLE STATEMENT
Title The outsider:
Remainder of title Pope Francis and his battle to reform the church
Statement of responsibility, etc / Christopher Lamb
260 ## - PUBLICATION, DISTRIBUTION, ETC. (IMPRINT)
Place of publication, distribution, etc Maryknoll
Name of publisher, distributor, etc Orbis Books
Date of publication, distribution, etc 2020
300 ## - PHYSICAL DESCRIPTION
Extent xvi, 188p.
Dimensions 21cm.
600 ## - SUBJECT ADDED ENTRY--PERSONAL NAME
Personal name Francis, Pope
Dates associated with a name 1936-
9 (RLIN) 15283
942 ## - ADDED ENTRY ELEMENTS (KOHA)
Source of classification or shelving scheme Library of Congress Classification
Item type Monograph ( Printed materials)
Holdings
Withdrawn status Lost status Source of classification or shelving scheme Damaged status Not for loan Home library Current library Date acquired Total Checkouts Full call number Barcode Date last seen Price effective from Koha item type
    Library of Congress Classification     ARRUPE LIBRARY ARRUPE LIBRARY 13/04/2022   BX1378.L365 2020 46600009169 13/04/2022 13/04/2022 Monograph ( Printed materials)

 

Arrupe Library. PO Box MP320 Mt Pleasant, Harare, Zimbabwe
263 242 745411|librarian@aju.ac.zw